ROBBINS PATHOLOGIC BASIS OF DISEASE (Record no. 3220)
[ view plain ]
| 000 -LEADER | |
|---|---|
| fixed length control field | 00355nam a2200145Ia 4500 |
| 008 - FIXED-LENGTH DATA ELEMENTS--GENERAL INFORMATION | |
| fixed length control field | 150201s1994 xx 000 0 und d |
| 082 ## - DEWEY DECIMAL CLASSIFICATION NUMBER | |
| Classification number | 616.07 |
| Item number | R1999V |
| 100 ## - MAIN ENTRY--PERSONAL NAME | |
| Personal name | VINAY KUMAR |
| 245 ## - TITLE STATEMENT | |
| Title | ROBBINS PATHOLOGIC BASIS OF DISEASE |
| 250 ## - EDITION STATEMENT | |
| Edition statement | 5TH |
| 260 ## - PUBLICATION, DISTRIBUTION, ETC. (IMPRINT) | |
| Name of publisher, distributor, etc. | SAUNDERS |
| Place of publication, distribution, etc. | PHILADELPHIA |
| Date of publication, distribution, etc. | 1994 |
| 300 ## - PHYSICAL DESCRIPTION | |
| Extent | 1-1400 |
| 650 ## - SUBJECT ADDED ENTRY--TOPICAL TERM | |
| Topical term or geographic name as entry element | PATHOLOGY |
| 942 ## - ADDED ENTRY ELEMENTS (KOHA) | |
| Source of classification or shelving scheme | Dewey Decimal Classification |
| Koha item type | Books |
| Withdrawn status | Lost status | Source of classification or shelving scheme | Damaged status | Not for loan | Home library | Current library | Date acquired | Source of acquisition | Cost, normal purchase price | Serial Enumeration / chronology | SGTU | Bill Number | Total Checkouts | Full call number | Barcode | Date last seen | Bill Date | Koha item type | Date last checked out |
|---|---|---|---|---|---|---|---|---|---|---|---|---|---|---|---|---|---|---|---|
| Dewey Decimal Classification | SGT Dental Library | SGT Dental Library | 10/03/2005 | U.B.S.DELHI | 13.54 | 1 | SGTU | 1305 | 616.07 R1999V | FD3344 | 09/02/2015 | 03/05/2012 | Books | ||||||
| Dewey Decimal Classification | SGT Dental Library | SGT Dental Library | 10/03/2005 | U.B.S.DELHI | 13.54 | 1 | SGTU | 1305 | 1 | 616.07 R1999V | FD3345 | 01/02/2020 | 03/05/2012 | Books | 01/02/2020 | ||||
| Dewey Decimal Classification | SGT Dental Library | SGT Dental Library | 10/03/2005 | U.B.S.DELHI | 13.54 | 1 | SGTU | 1305 | 1 | 616.07 R1999V | FD3346 | 01/02/2020 | 03/05/2012 | Books | 01/02/2020 | ||||
| Dewey Decimal Classification | SGT Dental Library | SGT Dental Library | 10/03/2005 | U.B.S.DELHI | 13.54 | 1 | SGTU | 1305 | 8 | 616.07 R1999V | FD3347 | 16/09/2019 | 03/05/2012 | Books | 16/09/2019 | ||||
| Dewey Decimal Classification | SGT Dental Library | SGT Dental Library | 10/03/2005 | U.B.S.DELHI | 13.54 | 1 | SGTU | 1305 | 5 | 616.07 R1999V | FD3348 | 11/12/2019 | 03/05/2012 | Books | 11/12/2019 |